000 00419nam a2200157 i 4500
001 60215
003 ES-MaACL
005 20230906164200.0
007 t|
008 031103s1930 sp ||||1| spa d
100 1 _aEscribano.
_947627
245 1 0 _aCarpeta de dibujos
_b: mundo 20 /
_cEscribano.
260 _aMadrid :
_b[s.n.,
_c1930] (
_fImp. Héroes)
300 _a24 lám. ;
_c26 cm.
852 _aES-MaACL
_j1743-F-16
999 _c60215
_d60215